000 00385ntaaa2200169 4500
003 01
005 20251027202207.0
008 0714s1973 ag 01
040 _aAR-BaBN
_bspa
_cAR-BaBN
_eaacr
_dRIC
082 _a267.4200
245 _aManual de la Sociedad "Rayitos de Sol"
250 _a1 ed.
260 _as.l.,
_cc1954
300 _a31 p
650 _aRayitos de sol
942 _cBK
999 _c16866
_d16866